Представление документа в формате RUSMARC

ПолеНазваниеЗначение
  Тип записи a
  Библиографический уровень a
001 Контрольный номер UONB/MAIN/bd68db3b7a644572add6a44e7f0909df
005 Дата корректировки 20260412130041.2
100 Данные общей обработки __
a Данные общей обработки 20260412 ||| 0rusy0189 ca
101 Язык документа 0_
a Язык текста rus
102 Страна публикации __
a Страна публикации RU
200 Заглавие и сведения об ответственности 1_
a Заглавие Практика народных гаданий в Симбирском (Ульяновском) Поволжье
f Первые сведения об ответственности Д. В. Русин
203 Вид содержания и тип средства __
a Вид содержания Текст
b Характеристика содержания визуальный
c Тип средства непосредственный
215 Физическое описание __
c Иллюстрации/тип воспроизводства ил., портр.
330 Аннотация __
a Аннотация Народные гадания в русской среде Ульяновского (Симбирского) Поволжья
461 Уровень набора _0
1 2000
a Симбирский научный вестник
463 Уровень физической единицы _0
1 2000
a № 2 (52)
v С. 149-155
1 2101
d 2025
1 001UONB/MAIN/39a39f04aea544eb93d488c94e51d599
610 Ключевые слова 0_
a Ключевые слова этнография; русские гадания; Симбирское Поволжье; магия; язычество
686 Индексы других классификаций __
2 Код системы rubbk
a Классификационный индекс 82.3
700 Автор _1
a Фамилия Русин
b Имя (инициалы) Д. В.
g Полное личное имя Дмитрий Владимирович
801 Источник записи _0
a Страна RU
b Организация Ульяновская ОНБ
c Дата составления 20260412
g Правила каталогизации RCR
801 Источник записи _1
a Страна RU
b Организация Ульяновская ОНБ
c Дата составления 20260412
g Правила каталогизации RCR
901 Тип документа __
t Тип документа b
w Контрольный № источника UONB/MAIN/39a39f04aea544eb93d488c94e51d599
909 Создатель записи __
a Создатель записи Осокина
b Дата создания записи 20260412